Sports Quiz

Random Sports or NCAA Quiz

1993 NCAA Men's Basketball Tournament Quiz Stats

 Plays Quiz not verified by Sporcle

Support Sporcle.
Go Orange.
Score 0/64 Timer 10:00
0 Plays Today
% Correct
North Carolina
98.3%
Duke
96.9%
Kansas
96.3%
Michigan
95.9%
UCLA
93.5%
Kentucky
93.2%
Indiana
92.9%
Florida State
91.2%
Arizona
90.1%
Illinois
87.1%
Iowa
86.4%
Oklahoma State
86.4%
Arkansas
86.1%
LSU
85.4%
Louisville
82.3%
Georgia Tech
82.3%
Wake Forest
82%
California
82%
Purdue
81.6%
Utah
81.3%
Texas Tech
79.9%
Kansas State
79.6%
Virginia
78.6%
Cincinnati
78.2%
St. John's
77.9%
Penn
77.2%
Iowa State
75.5%
Missouri
74.8%
Temple
73.5%
BYU
73.1%
Memphis State
72.8%
Pittsburgh
72.1%
% Correct
Seton Hall
70.4%
Massachusetts
67.3%
New Mexico
67%
Nebraska
66.3%
Xavier
64.3%
Marquette
61.6%
Vanderbilt
59.5%
New Mexico State
54.1%
Southern
51.4%
George Washington
51%
Western Kentucky
48.6%
Rhode Island
46.6%
Santa Clara
45.9%
Tulane
42.5%
Southern Illinois
36.4%
SMU
33%
Boise State
33%
Delaware
28.9%
Ball State
28.6%
Holy Cross
28.2%
East Carolina
25.5%
Coastal Carolina
23.1%
Manhattan
22.1%
Chattanooga
20.7%
Rider
20.4%
New Orleans
20.4%
Long Beach State
20.4%
Coppin State
19.7%
Tennessee State
16.7%
Evansville
16.3%
Wright State
15.3%
NE Louisiana
7.5%

You're not logged in!

Compare scores with friends on all Sporcle quizzes.
OR
Log In

From the Vault

'80s Sitcoms

by Hejman

In the cold light of the future we've finally determined that Alf was a terrible TV show.
Remove Ads.
Support Sporcle.
Get the best of Sporcle when you Go Orange. This ad-free experience offers more features, more stats, and more fun while also helping to support Sporcle. Thank you for becoming a member.

Show Comments

Extras

Top Quizzes Today


Score Distribution

Your Account Isn't Verified!

In order to create a playlist on Sporcle, you need to verify the email address you used during registration. Go to your Sporcle Settings to finish the process.

Report this User

Report this user for behavior that violates our Community Guidelines.

Details: